Il Concilio Lateranense IV a 800 anni dalla sua celebrazione : una rilettura teologica
محفوظ في:
| مؤلفون آخرون: | , , |
|---|---|
| التنسيق: | كتاب |
| اللغة: | الإنجليزية |
| منشور في: |
Città del Vaticano, Italia:
Lateran University Press,
2016
|
| الموضوعات: | |
| الوسوم: |
إضافة وسم
لا توجد وسوم, كن أول من يضع وسما على هذه التسجيلة!
|
MARC
| LEADER | 00000nam a22000007a 4500 | ||
|---|---|---|---|
| 003 | CL-VaPUC | ||
| 005 | 20231030161119.0 | ||
| 008 | 220418b2016 ||||| |||| 00| 0 eng d | ||
| 999 | |c 435413 |d 435411 | ||
| 020 | |a 978-88-465-1109-6 | ||
| 040 | |c Pontificia Universidad Católica de Valparaíso | ||
| 082 | 7 | |a 262.52 CIO 2016 |2 22 | |
| 100 | 1 | |a Ciola, Nicola |e editor |9 868538 | |
| 245 | |a Il Concilio Lateranense IV a 800 anni dalla sua celebrazione : una rilettura teologica | ||
| 260 | |a Città del Vaticano, Italia: |b Lateran University Press, |c 2016 | ||
| 300 | |a 422 páginas | ||
| 500 | |a C.1. Donación Carlos Salinas Araneda. Memo 001. 05/01/2022 | ||
| 583 | |c 20220418 |k Catalogador Asistente | ||
| 650 | |a Derecho canónico |9 870219 | ||
| 650 | 0 | |a Concilios ecuménicos |9 399684 | |
| 650 | |a Historia de la Iglesia |y Siglo 13 |x Congresos |9 870220 | ||
| 700 | |a Sabetta, Antonio |e editor |9 868539 | ||
| 700 | |a Sguazzardo, Pierluigi |e editor |9 868540 | ||
| 942 | |2 ddc |c BK | ||
| 952 | |0 0 |1 0 |2 ddc |4 0 |6 262_520000000000000_CIO_2016 |7 0 |8 DER_HDC |9 582617 |a BIBDER |b BIBDER |d 2022-04-18 |e Donación |i 5650776 |l 1 |m 5 |o 262.52 CIO 2016 |p 5650776 |q 2025-12-31 |r 2023-01-25 |s 2022-06-14 |t 1 |w 2022-04-18 |x Ubicación 4to Piso |y BK |z Estos recursos deben solicitarse con anticipación |k DER | ||